| 000 | 01298nam a2200241 a 4500 | ||
|---|---|---|---|
| 008 | 101109s2009 ||||||||||||||||| || u | ||
| 020 | _a9781847879011 | ||
| 050 | _aHD 58.8 Cha | ||
| 100 | _aMayle, David | ||
| 245 | 1 | 0 |
_aChange management _cedited by Derek S. Pugh and David Mayle |
| 260 |
_aLos Angeles _bSAGE Publications _c2009 |
||
| 300 | _a4 v.: ill. | ||
| 350 | _a0.00 | ||
| 490 | _aSAGE library in business and management | ||
| 500 | _aset of volume 1 to 4 | ||
| 650 | 0 | _aMANAGEMENT | |
| 650 | 0 | _aORGANIZATIONAL CHANGE--MANAGEMENT | |
| 700 | _aPugh, Derek Salman | ||
| 995 |
_aANNEX COLLECTION (Main Library) _D0.00 _e742177 _FCBU-MAIN LIBRARY (Kitwe) _H1 _I0.00 _jHD 58.8 CHA _Mvol. 1 _UAVAILABLE _WDec 15, 2010 _y742177 _ZAnnex Low-Usage Collection |
||
| 995 |
_aANNEX COLLECTION (Main Library) _D0.00 _e742180 _FCBU-MAIN LIBRARY (Kitwe) _H1 _I0.00 _jHD 58.8 CHA _Mvol. 4 _UAVAILABLE _WDec 15, 2010 _y742180 _ZAnnex Low-Usage Collection |
||
| 995 |
_aMAIN LIBRARY OPEN ACCESS _D0.00 _e742178 _FCBU-MAIN LIBRARY (Kitwe) _H1 _I0.00 _jHD 58.8 CHA _Mvol. 2 _UAVAILABLE _WDec 15, 2010 _y742178 _ZMain Library Open Access Collection |
||
| 995 |
_aMAIN LIBRARY OPEN ACCESS _D0.00 _e742179 _FCBU-MAIN LIBRARY (Kitwe) _H1 _I0.00 _jHD 58.8 CHA _Mvol. 3 _UAVAILABLE _WDec 15, 2010 _y742179 _ZMain Library Open Access Collection |
||
| 999 |
_c78221 _d78221 |
||